LEADER 01145nam a2200265 a 4500 001 000000130540 003 CaOOAMICUS 005 20121001112108.0 008 121001s1978 it u000 u ita r 040 $aPUL$bita 100 1 $aAmendola, Giorgio.$0(OLS)http://pul/name/27145 245 10$aStoria del Partito comunista italiano :$b1921-1943 /$cGiorgio Amendola. 260 $aRoma :$bEditori Riuniti,$c1978. 300 $aXV, 647 p. ;$c22 cm 490 1 $aBiblioteca di storia ;$v73 504 $aBibliografia nelle note finali. 610 24$aPartito comunista italiano$xStoria.$0(OLS)http://pul/subject/23568 830 0$aBiblioteca di storia (Editori Riuniti) ;$v73.$0(OLS)http://pul/title/164986 850 $aPUL 852 $aPUL$W1$xDP1 Fondo E. Rossi$y115$m1 A 33$j41517$aCollocazione ms. sul dorso di E. Rossi: 1 A 21 ; A 28$qFondi$B149660$CPULBib$Z2$F149660 $82 941 1 $a1 961 $aCollocazione ms. sul dorso di E. Rossi: A 28. 996 $6245$aStoria del Partito comunista italiano :$b1921-1943$9(OLS)http://pul/title/164985 996 $6260$aRoma :$bEditori Riuniti$9(OLS)http://pul/publisher/54152 LEADER 02231nam a2200385 a 4500 001 000000133743 003 CaOOAMICUS 005 20130506123031.0 008 130506s2013 it u100 u eng r 020 $a978-3-8306-7598-3 040 $aPUL$bita 041 0 $aeng$aita$ager$afre 082 04$a230.05 110 2 $aPontifical Atheneaum of St. Anselm.$bMonastic Institute of the Faculty of Theology.$bInternational symposium$n(3rd :$d2011 :$cRome).$0(OLS)http://pul/name/86161 245 10$aMonasticism between culture and cultures :$bacts of the third international symposium Rome, June 8-11, 2011, study days promoted and organized by the Monastic Institute of the Faculty of Theology of the Pontifical Athenaeum S. Anselmo /$cedited by Philippe Nouzille and Michaela Pfeifer. 260 $aRoma :$bPont. Ateneo S. Anselmo,$c2013$aSt. Ottilien :$bEOS 300 $a701 p. ;$c24 cm. 490 1 $aStudia Anselmiana ;$v159.$aAnalecta monastica ;$v14 500 $aInclude indici. 504 $aBibliografia in nota. 546 $aInterventi in inglese, italiano, francese e tedesco. 650 4$aMonachismo.$0(OLS)http://pul/subject/14372 650 4$aMissioni$xCongressi.$0(OLS)http://pul/subject/14745 700 1 $aPfeifer, Michaela,$cO.Cist.$0(OLS)http://pul/name/79289 700 1 $aNouzille, Philippe,$cO.S.B.,$d1966-$0(OLS)http://pul/name/82352 830 0$aStudia Anselmiana.$pAnalecta monastica ;$v14.$0(OLS)http://pul/title/105289 850 $aPUL 852 $aPUL$W1$xSL Religione 3$y85$m230. 05 COLL 2.159$j153715$qDDC 21$B153290$CPULBib$Z2$F153290 $H122314 $82 941 1 $a9 996 $6020$a978-3-8306-7598-3$9(OLS)http://pul/number/152577 996 $6082$a230.05$9(OLS)http://pul/classification/102 996 $6245$aMonasticism between culture and cultures :$bacts of the third international symposium Rome, June 8-11, 2011, study days promoted and organized by the Monastic Institute of the Faculty of Theology of the Pontifical Athenaeum S. Anselmo$9(OLS)http://pul/title/169047 996 $6260$aRoma :$bPont. Ateneo S. Anselmo$9(OLS)http://pul/publisher/51335 996 $6260$aSt. Ottilien :$bEOS$9(OLS)http://pul/publisher/67413